000 00541nam a22001817a 4500
003 OSt
005 20260611144943.0
008 260611b |||||||| |||| 00| 0 eng d
020 _a076193121X
040 _cChuka University Library
050 _aLB 1025.3
_b.T5 2004
100 _aTileston, Donna Walker
_927992
245 _aWhat Every Teacher Should Know About Effective Teaching Stratagies
260 _aCalifornia
_bCorwin Press
_c2004
300 _a115 pages
_bIllustrated
650 _aEffective Teaching
_911612
942 _2lcc
_cBK
_n0
999 _c23990
_d23990